| 000 | 00674nam a2200229Ia 4500 | ||
|---|---|---|---|
| 003 | OSt | ||
| 005 | 20220918190840.0 | ||
| 006 | a|||||r|||| 00| 0 | ||
| 007 | ta | ||
| 008 | 220917b |||||||| |||| 00| 0 eng d | ||
| 024 | _a60,091 | ||
| 037 | _cTextual | ||
| 040 |
_aARTS _cARTS _beng |
||
| 041 |
_2eng _aeng |
||
| 082 | _aQ8441:2I69w, 111D4 (EPP) | ||
| 100 |
_aSewaram Singh _973955 |
||
| 245 | 0 |
_aDivine master _b a study of the life and teachings of Sri Guru Nanak Dev |
|
| 260 |
_aLahore _bGulab Singh and Sons _c1904 |
||
| 650 | _aRELIGION | ||
| 942 |
_hQ8441:2I69w, 111D4 (EPP) _cTEXL _2CC |
||
| 999 |
_c187091 _d187091 |
||